| 000 | 00992nas a2200313 4500 | ||
|---|---|---|---|
| 001 | BR0401142 | ||
| 003 | BR-BrBNA | ||
| 005 | 20231205104351.0 | ||
| 007 | ta | ||
| 008 | 230509b bl.|||p| |||| 00| 00por d | ||
| 040 |
_aBR-BrBNA _bpor _cBiblioteca Nacional de Agricultura |
||
| 041 | _a(Pt) | ||
| 072 | _aF30 | ||
| 100 | 1 | _aBrito, D.R. | |
| 100 | 1 | _aBeltrão, N.E. de M. | |
| 245 | 1 | _aComportamento de novas cultivares de algodoeiro herbáceo submetidas a diferentes arranjos de plantas no Estado de Alagoas | |
| 650 | _aALGODÃO HERBÁCEO | ||
| 650 | _aFIBRA VEGETAL | ||
| 650 | _aALTURA | ||
| 650 | _aCAPULHO | ||
| 650 | _aFENOLOGIA | ||
| 650 | _aRENDIMENTO | ||
| 650 | _aCOMPORTAMENTO DE VARIEDADE | ||
| 650 | _aCARACTERÍSTICAS AGRONÔMICAS | ||
| 650 | _aALAGOAS | ||
| 773 | 0 |
_tRevista Brasileira de Oleaginosas e Fibrosas (Brazil) _xISSN 1415-6784 _g(May-Aug 2002), v. 6(2) p. 577-586 _wBR0401142 |
|
| 909 |
_a202311 _bLúcia _c55 _dLúcia Elande |
||
| 942 |
_2AGRIS _n0 _cANA |
||
| 999 |
_c177778 _d177778 |
||